000 00474nam a2200181Ia 4500
001 24374
005 20260414151038.0
008 260414t2018||||xx |||||||||||||| ||spa||
041 _aESP
082 _a345.7
_bC27
100 _aCappelletti, Mauro,
_eAUT
245 0 _aEl proceso civil en el derecho comparado :
_bas grandes tendencias evolutivas
260 _c2018
300 _a109 páginas :
_c23 cm.
650 _aDER
654 _aCDE
942 _cLIB
_dJUS
_fJUS
_2ddc
_n
999 _c24374
_d24374